000 00412nam a2200145Ia 4500
003 OSt
005 20260123162509.0
008 211028s2017 xx 000 0 und d
040 _cAIMIT LIBRARY
041 _aeng
100 _aAli, Arshaq Ahmed; Dias, Beena.
_g1516015
_97592
245 _aStudy on employee engagement at hotel horizon Goa /
260 _aMangalore
_bDr Rowena Wright.
_c2017
942 _2ddc
_cPRO
999 _c219160
_d219160